00330nam a22001097a 4500020001800000040000900018082001700027100002600044245004600070260004200116650006200158 a0000000375023 cNUST a891.4393 RAJ aTahir Mansoor Faroodi aRajinder Singh Bedi Kay Bay Misal Afsanay aLahore:bAl-Hamd Publication, c2008. aUrdu Literature-Rajinder Singh Bedi Kay Bay Misal Afsanay